000 00438nam a2200181Ia 4500
001 2260
005 20260306143829.0
008 260306t2009||||xx |||||||||||||| ||spa||
041 _aESP
082 _a616.84912
_bG58
100 _aGoicoechea Uriarte, Arturo
_eAUT
245 0 _aMigraña:
_buna pesadilla cerebral
260 _c2009
300 _a342 páginas :
_c21 cm.
650 _aGEN
654 _aCPS
942 _cLIB
_dJUS
_fJUS
_2ddc
_n
999 _c2260
_d2260